UBT Library

INTERMEDIATE ACCOUTING (Record no. 37742)

000 -LEADER
fixed length control field 00305nam a22001337a 4500
008 - FIXED-LENGTH DATA ELEMENTS--GENERAL INFORMATION
fixed length control field 171106b xxu||||| |||| 00| 0 eng d
020 ## - INTERNATIONAL STANDARD BOOK NUMBER
International Standard Book Number 9780470423684
041 ## - LANGUAGE CODE
Language code of text/sound track or separate title eng
080 ## - UNIVERSAL DECIMAL CLASSIFICATION NUMBER
Edition identifier 30 ED
Universal Decimal Classification number 330.722.6
100 ## - Rafti
Rafti 61
101 ## - Shkurtesa
Shkurtesa KON
245 ## - TITLE STATEMENT
Title INTERMEDIATE ACCOUTING
Statement of responsibility, etc KIESO.W.W
942 ## - ADDED ENTRY ELEMENTS (KOHA)
Source of classification or shelving scheme
Item type Books
Holdings
Withdrawn status Lost status Source of classification or shelving scheme Damaged status Not for loan Collection code Permanent location Current location Shelving location Date acquired Total Checkouts Full call number Barcode Date last seen Price effective from Koha item type
          Koleksioni i përgjithshem UBT - Lipjan UBT - Lipjan Koleksioni i përgjithshem 11/06/2017   330.722.6 KIE 002-2936144 11/06/2017 11/06/2017 Books
UBT Library © 2015-2024. All rights reserved University Education for Business and Technology